[Event "Bundesliga 0001"]
[Site "Deutschland"]
[Date "2001.02.18"]
[Round "9.2"]
[White "Muse, Mladen"]
[Black "Doettling, Fabian"]
[Result "1/2-1/2"]
[WhiteElo "2510"]
[BlackElo "2473"]
[PlyCount "43"]
[EventDate "2000.10.14"]
[EventType "team"]
[EventRounds "15"]
[EventCountry "GER"]
[SourceTitle "Bundesliga 0001"]
[Source "DeepChess"]
[SourceDate "2005.01.01"]
[SourceVersion "1"]
[SourceVersionDate "2005.01.01"]
[SourceQuality "1"]
[WhiteTeam "SK Koenig Tegel 1949 e.V. "]
[BlackTeam "SF 1982 Baiertal Schatthausen"]
[WhiteTeamCountry "GER"]
[BlackTeamCountry "GER"]

1. d4 d5 2. c4 e6 3. Nc3 Be7 4. cxd5 exd5 5. Bf4 c6 6. e3 Nf6 7. Bd3 Nbd7 8. h3
Nf8 9. Nf3 Ng6 10. Bh2 Bd6 11. Bxd6 Qxd6 12. Qc2 O-O 13. O-O-O Be6 14. Kb1 Rfc8
15. g4 c5 16. Bf5 Bxf5 17. Qxf5 Qe6 18. dxc5 Qxf5+ 19. gxf5 Ne7 20. Nd4 Rxc5
21. f3 Rd8 22. Rd2 1/2-1/2

[Event "Bundesliga 0001"]
[Site "Deutschland"]
[Date "2001.02.18"]
[Round "9.3"]
[White "Berg, Emanuel"]
[Black "Paulsen, Dirk"]
[Result "1-0"]
[WhiteElo "2456"]
[BlackElo "2431"]
[PlyCount "57"]
[EventDate "2000.10.14"]
[EventType "team"]
[EventRounds "15"]
[EventCountry "GER"]
[SourceTitle "Bundesliga 0001"]
[Source "DeepChess"]
[SourceDate "2005.01.01"]
[SourceVersion "1"]
[SourceVersionDate "2005.01.01"]
[SourceQuality "1"]
[WhiteTeam "SF 1982 Baiertal Schatthausen"]
[BlackTeam "SK Koenig Tegel 1949 e.V. "]
[WhiteTeamCountry "GER"]
[BlackTeamCountry "GER"]

1. e4 g6 2. d4 Nf6 3. Nc3 d5 4. e5 Ne4 5. Nce2 f6 6. f3 Ng5 7. Bxg5 fxg5 8. Qd2
c5 9. Qxg5 Nc6 10. Qd2 cxd4 11. Nxd4 Qb6 12. Bb5 Bh6 13. Qc3 Bd7 14. Bxc6 bxc6
15. Nb3 O-O 16. Nc5 Bc8 17. Ne2 Rb8 18. b3 Bg7 19. f4 g5 20. g3 Bg4 21. Rf1 Rf7
22. Nd4 Bh3 23. Rf2 e6 24. Ndxe6 gxf4 25. Nxg7 Rxg7 26. Rxf4 Re8 27. O-O-O Qc7
28. Re1 Rge7 29. e6 1-0

[Event "Bundesliga 0001"]
[Site "Deutschland"]
[Date "2001.02.18"]
[Round "9.4"]
[White "Lipinsky, Fabian"]
[Black "Buhmann, Rainer"]
[Result "0-1"]
[WhiteElo "2362"]
[BlackElo "2416"]
[PlyCount "62"]
[EventDate "2000.10.14"]
[EventType "team"]
[EventRounds "15"]
[EventCountry "GER"]
[SourceTitle "Bundesliga 0001"]
[Source "DeepChess"]
[SourceDate "2005.01.01"]
[SourceVersion "1"]
[SourceVersionDate "2005.01.01"]
[SourceQuality "1"]
[WhiteTeam "SK Koenig Tegel 1949 e.V. "]
[BlackTeam "SF 1982 Baiertal Schatthausen"]
[WhiteTeamCountry "GER"]
[BlackTeamCountry "GER"]

1. d4 d5 2. c4 Nc6 3. cxd5 Qxd5 4. e3 e5 5. Nc3 Bb4 6. Bd2 Bxc3 7. Bxc3 exd4 8.
Ne2 Bg4 9. f3 Nf6 10. Nxd4 O-O-O 11. fxg4 Rhe8 12. Nf5 Qc5 13. Bd3 Nd5 14. O-O
Nxe3 15. Nxe3 Rxe3 16. Bf5+ Kb8 17. Kh1 Rxd1 18. Raxd1 Rxc3 19. bxc3 a5 20.
Bxh7 Ne5 21. h3 Qxc3 22. Bg8 f6 23. Rf5 Qe3 24. g5 fxg5 25. Rd5 Qe1+ 26. Kh2 g4
27. Rg5 Nf3+ 28. gxf3 Qf2+ 29. Kh1 g3 30. Rxg3 Qxg3 31. Be6 Qe1+ 0-1

[Event "Bundesliga 0001"]
[Site "Deutschland"]
[Date "2001.02.18"]
[Round "9.5"]
[White "Maier, Christian"]
[Black "Von Herman, Ulf"]
[Result "0-1"]
[WhiteElo "2351"]
[BlackElo "2357"]
[PlyCount "80"]
[EventDate "2000.10.14"]
[EventType "team"]
[EventRounds "15"]
[EventCountry "GER"]
[SourceTitle "Bundesliga 0001"]
[Source "DeepChess"]
[SourceDate "2005.01.01"]
[SourceVersion "1"]
[SourceVersionDate "2005.01.01"]
[SourceQuality "1"]
[WhiteTeam "SF 1982 Baiertal Schatthausen"]
[BlackTeam "SK Koenig Tegel 1949 e.V. "]
[WhiteTeamCountry "GER"]
[BlackTeamCountry "GER"]

1. e4 g6 2. Nc3 Bg7 3. Bc4 c5 4. h4 Nc6 5. h5 Ne5 6. Bb3 g5 7. h6 Bf6 8. d3 e6
9. Qh5 Ng6 10. Nh3 Bxc3+ 11. bxc3 Qf6 12. Bxg5 Qxc3+ 13. Ke2 b6 14. Bd2 Qd4 15.
c3 Qd6 16. Bc2 Ba6 17. Qg5 f6 18. Qg3 Qc6 19. Nf4 N8e7 20. Nh5 O-O 21. Kd1 d5
22. exd5 Qxd5 23. Nf4 Qd7 24. Qg4 f5 25. Qg3 Rad8 26. Re1 Rf6 27. Qg5 Kf7 28.
Nh5 Ng8 29. Nxf6 Nxf6 30. c4 b5 31. Ba5 bxc4 32. Bxd8 Qxd8 33. Qe3 Qd6 34. Rb1
cxd3 35. Bb3 c4 36. Qxa7+ Ne7 37. Re3 Nfd5 38. Rg3 Nc3+ 39. Kc1 d2+ 40. Kb2
Nxb1 0-1

[Event "Bundesliga 0001"]
[Site "Deutschland"]
[Date "2001.02.18"]
[Round "9.7"]
[White "Meissner, Bernd Guenther"]
[Black "Lorenz, Sascha"]
[Result "1-0"]
[WhiteElo "2372"]
[BlackElo "2298"]
[PlyCount "77"]
[EventDate "2000.10.14"]
[EventType "team"]
[EventRounds "15"]
[EventCountry "GER"]
[SourceTitle "Bundesliga 0001"]
[Source "DeepChess"]
[SourceDate "2005.01.01"]
[SourceVersion "1"]
[SourceVersionDate "2005.01.01"]
[SourceQuality "1"]
[WhiteTeam "SF 1982 Baiertal Schatthausen"]
[BlackTeam "SK Koenig Tegel 1949 e.V. "]
[WhiteTeamCountry "GER"]
[BlackTeamCountry "GER"]

1. d4 Nf6 2. c4 g6 3. Nc3 Bg7 4. e4 d6 5. h3 O-O 6. Bg5 Qe8 7. Bd3 e5 8. d5 Na6
9. Nge2 Nd7 10. a3 f5 11. b4 f4 12. f3 Bf6 13. Bxf6 Nxf6 14. c5 Qe7 15. Bc4 Kh8
16. c6 bxc6 17. dxc6 Nb8 18. b5 Be6 19. Bxe6 Qxe6 20. O-O Qc4 21. Qd2 a6 22. a4
axb5 23. axb5 Rxa1 24. Rxa1 g5 25. Ra8 Qc5+ 26. Kf1 Nh5 27. Qd5 Ng3+ 28. Nxg3
Qxc3 29. Ne2 Qb4 30. Ra7 h5 31. Rxc7 g4 32. Qe6 Qb1+ 33. Kf2 g3+ 34. Nxg3 fxg3+
35. Kxg3 Rg8+ 36. Kh4 Qe1+ 37. Kxh5 Rg5+ 38. Kxg5 Qd2+ 39. Kh5 1-0

[Event "Bundesliga 0001"]
[Site "Deutschland"]
[Date "2001.02.18"]
[Round "9.8"]
[White "Zierke, Oliver"]
[Black "Balzar, Andreas"]
[Result "0-1"]
[WhiteElo "2297"]
[BlackElo "2346"]
[PlyCount "86"]
[EventDate "2000.10.14"]
[EventType "team"]
[EventRounds "15"]
[EventCountry "GER"]
[SourceTitle "Bundesliga 0001"]
[Source "DeepChess"]
[SourceDate "2005.01.01"]
[SourceVersion "1"]
[SourceVersionDate "2005.01.01"]
[SourceQuality "1"]
[WhiteTeam "SK Koenig Tegel 1949 e.V. "]
[BlackTeam "SF 1982 Baiertal Schatthausen"]
[WhiteTeamCountry "GER"]
[BlackTeamCountry "GER"]

1. d4 d5 2. c4 c6 3. Nf3 Nf6 4. Nc3 e6 5. e3 Nbd7 6. Qc2 Bd6 7. b3 O-O 8. Be2
dxc4 9. bxc4 e5 10. O-O Re8 11. Rd1 Qe7 12. Rb1 Rb8 13. a4 e4 14. Nd2 Nf8 15.
c5 Bc7 16. Nc4 h5 17. h3 N8h7 18. Ba3 h4 19. Nd6 Bxd6 20. cxd6 Qe6 21. Qb3 Qf5
22. d5 Bd7 23. dxc6 bxc6 24. Qxb8 Rxb8 25. Rxb8+ Nf8 26. Ra8 Qa5 27. Rc1 g5 28.
Rb8 Qe5 29. Nd1 N6h7 30. Rc5 Qa1 31. Bb2 Qb1 32. Kh2 Qa2 33. Bc4 Qxa4 34. Bb3
Qa6 35. Bc4 Qa4 36. Nc3 Qc2 37. Bd5 Qxf2 38. Bxc6 Qg3+ 39. Kg1 Qe1+ 40. Kh2
Qg3+ 41. Kg1 Qxe3+ 42. Kh1 Qxc5 43. Bxd7 Qxd6 0-1

[Event "Bundesliga 0001"]
[Site "Deutschland"]
[Date "2001.02.18"]
[Round "9.1"]
[White "Balcerak, Jakob"]
[Black "Movsesian, Sergei"]
[Result "1/2-1/2"]
[WhiteElo "2413"]
[BlackElo "2666"]
[PlyCount "107"]
[EventDate "2000.10.14"]
[EventType "team"]
[EventRounds "15"]
[EventCountry "GER"]
[SourceTitle "Bundesliga 0001"]
[Source "DeepChess"]
[SourceDate "2005.01.01"]
[SourceVersion "1"]
[SourceVersionDate "2005.01.01"]
[SourceQuality "1"]
[WhiteTeam "TSV Schott Mainz"]
[BlackTeam "SF Neukoelln 03 e.V."]
[WhiteTeamCountry "GER"]
[BlackTeamCountry "GER"]

1. e4 c5 2. Nf3 Nc6 3. d4 cxd4 4. Nxd4 Qc7 5. Nc3 e6 6. Be2 a6 7. O-O Nf6 8.
Kh1 Be7 9. f4 d6 10. Be3 O-O 11. Qe1 Nxd4 12. Bxd4 b5 13. a3 Bb7 14. Qg3 Bc6
15. Rae1 Qb7 16. Bd3 b4 17. Nd1 bxa3 18. bxa3 Rad8 19. Nf2 Nh5 20. Qf3 Nxf4 21.
Rb1 Qd7 22. Qxf4 e5 23. Bxe5 dxe5 24. Qxe5 Bxa3 25. Bxa6 Bd6 26. Qg5 h6 27. Qh5
Qe6 28. Bd3 Bc7 29. Rbc1 Rd4 30. Qf5 Qe7 31. Ng4 Bd7 32. Qh5 g6 33. Qh3 Be6 34.
Qe3 Rxd3 35. Nxh6+ Kh7 36. cxd3 Qh4 37. g3 Qxh6 38. Qxh6+ Kxh6 39. d4 Bh3 40.
Rf6 Ba5 41. Rd1 Bd8 42. Rf2 Bg5 43. Re1 Kg7 44. Rc2 Rb8 45. d5 Rb3 46. e5 Rd3
47. e6 fxe6 48. dxe6 Kh6 49. Rc8 Bg4 50. Rf8 Rf3 51. Rxf3 Bxf3+ 52. Kg1 Be7 53.
Kf2 Bd5 54. Re5 1/2-1/2

[Event "Bundesliga 0001"]
[Site "Deutschland"]
[Date "2001.02.18"]
[Round "9.3"]
[White "Cicak, Slavko"]
[Black "Bunzmann, Dimitrij"]
[Result "0-1"]
[WhiteElo "2543"]
[BlackElo "2484"]
[PlyCount "78"]
[EventDate "2000.10.14"]
[EventType "team"]
[EventRounds "15"]
[EventCountry "GER"]
[SourceTitle "Bundesliga 0001"]
[Source "DeepChess"]
[SourceDate "2005.01.01"]
[SourceVersion "1"]
[SourceVersionDate "2005.01.01"]
[SourceQuality "1"]
[WhiteTeam "TSV Schott Mainz"]
[BlackTeam "SF Neukoelln 03 e.V."]
[WhiteTeamCountry "GER"]
[BlackTeamCountry "GER"]

1. c4 b6 2. e4 Bb7 3. Nc3 e6 4. a3 c5 5. Nf3 d6 6. d4 cxd4 7. Nxd4 Nf6 8. Bg5
a6 9. f4 Be7 10. Qa4+ Qd7 11. Qc2 Qc7 12. Nf3 Nbd7 13. Rc1 Rc8 14. b4 h6 15.
Bh4 Qd8 16. Bd3 g5 17. Bg3 Nh5 18. f5 e5 19. Bf2 g4 20. Nd2 Nf4 21. Bf1 Bg5 22.
Qd1 Nf6 23. Rc2 Kf8 24. Rg1 h5 25. Nd5 N4xd5 26. exd5 b5 27. cxb5 axb5 28. Bxb5
Bxd5 29. Nc4 Kg7 30. h4 Bh6 31. Ne3 Be4 32. Rxc8 Qxc8 33. Nc4 d5 34. Nd6 Qc3+
35. Ke2 Qxa3 36. Bc5 Qb2+ 37. Kf1 Ra8 38. Qe2 Qc1+ 39. Qe1 Qf4+ 0-1

[Event "Bundesliga 0001"]
[Site "Deutschland"]
[Date "2001.02.18"]
[Round "9.4"]
[White "Berndt, Stephan"]
[Black "Lisanti, Andre"]
[Result "1/2-1/2"]
[WhiteElo "2478"]
[BlackElo "2300"]
[PlyCount "99"]
[EventDate "2000.10.14"]
[EventType "team"]
[EventRounds "15"]
[EventCountry "GER"]
[SourceTitle "Bundesliga 0001"]
[Source "DeepChess"]
[SourceDate "2005.01.01"]
[SourceVersion "1"]
[SourceVersionDate "2005.01.01"]
[SourceQuality "1"]
[WhiteTeam "SF Neukoelln 03 e.V."]
[BlackTeam "TSV Schott Mainz"]
[WhiteTeamCountry "GER"]
[BlackTeamCountry "GER"]

1. e4 e5 2. Nf3 Nc6 3. Bb5 a6 4. Ba4 Nf6 5. O-O Be7 6. Re1 b5 7. Bb3 O-O 8. d4
Nxd4 9. Bxf7+ Kh8 10. Nxe5 c5 11. c3 d6 12. cxd4 dxe5 13. dxe5 Qxd1 14. Rxd1
Nxe4 15. Bd5 Rd8 16. Bb3 Bf5 17. Re1 c4 18. Bc2 Bc5 19. Bxe4 Bxe4 20. Nc3 Bc6
21. Bg5 Rd3 22. Rad1 Rf8 23. Bh4 g5 24. Rxd3 cxd3 25. Bg3 b4 26. Nb1 Bd5 27.
Nd2 Bd4 28. b3 h5 29. h4 Bc3 30. Rd1 gxh4 31. Bxh4 Bxe5 32. Nc4 Bxc4 33. bxc4
Rf4 34. Bg3 Re4 35. Bxe5+ Rxe5 36. Rxd3 Re1+ 37. Kh2 Re2 38. a3 Rxf2 39. axb4
Rb2 40. Rd5 Rxb4 41. Rxh5+ Kg7 42. Ra5 Rxc4 43. Rxa6 Rc3 44. g3 Rc2+ 45. Kh3
Rc3 46. Kh4 Rc4+ 47. g4 Rc5 48. g5 Rc1 49. Ra7+ Kg6 50. Ra6+ 1/2-1/2

[Event "Bundesliga 0001"]
[Site "Deutschland"]
[Date "2001.02.18"]
[Round "9.5"]
[White "Vogler, Tilmann"]
[Black "Brynell, Stellan"]
[Result "0-1"]
[WhiteElo "2373"]
[BlackElo "2484"]
[PlyCount "66"]
[EventDate "2000.10.14"]
[EventType "team"]
[EventRounds "15"]
[EventCountry "GER"]
[SourceTitle "Bundesliga 0001"]
[Source "DeepChess"]
[SourceDate "2005.01.01"]
[SourceVersion "1"]
[SourceVersionDate "2005.01.01"]
[SourceQuality "1"]
[WhiteTeam "TSV Schott Mainz"]
[BlackTeam "SF Neukoelln 03 e.V."]
[WhiteTeamCountry "GER"]
[BlackTeamCountry "GER"]

1. d4 e6 2. f4 f5 3. Nf3 Nf6 4. e3 b6 5. Bd3 Bb7 6. O-O Be7 7. c4 Ne4 8. Nc3
O-O 9. Qc2 Nxc3 10. bxc3 Qe8 11. e4 fxe4 12. Bxe4 Bxe4 13. Qxe4 Nc6 14. Kh1 Na5
15. Qd3 Qh5 16. Bd2 Qf5 17. Qe2 Bf6 18. Rac1 Qh5 19. Rf2 Rae8 20. Rg1 d5 21. g4
Qg6 22. g5 Be7 23. cxd5 exd5 24. Ne5 Qf5 25. Qb5 c6 26. Nxc6 Nc4 27. Re1 a6 28.
Qb3 Bxg5 29. Ne5 Bh4 30. Ree2 Bxf2 31. Rxf2 Qe4+ 32. Kg1 Nxd2 33. Rxd2 Qe1+ 0-1

[Event "Bundesliga 0001"]
[Site "Deutschland"]
[Date "2001.02.18"]
[Round "9.6"]
[White "Polzin, Rainer"]
[Black "Wornath, Kai Rudolf"]
[Result "1-0"]
[WhiteElo "2465"]
[BlackElo "2398"]
[PlyCount "59"]
[EventDate "2000.10.14"]
[EventType "team"]
[EventRounds "15"]
[EventCountry "GER"]
[SourceTitle "Bundesliga 0001"]
[Source "DeepChess"]
[SourceDate "2005.01.01"]
[SourceVersion "1"]
[SourceVersionDate "2005.01.01"]
[SourceQuality "1"]
[WhiteTeam "SF Neukoelln 03 e.V."]
[BlackTeam "TSV Schott Mainz"]
[WhiteTeamCountry "GER"]
[BlackTeamCountry "GER"]

1. e4 e6 2. d4 d5 3. Nc3 Nf6 4. e5 Nfd7 5. f4 c5 6. Nf3 Nc6 7. Be3 Qb6 8. Na4
Qa5+ 9. c3 b6 10. Bd2 c4 11. b4 Nxb4 12. cxb4 Bxb4 13. Rc1 Bxd2+ 14. Nxd2 b5
15. Nc3 O-O 16. a3 Qxa3 17. Nxb5 Qe3+ 18. Be2 Qxf4 19. g3 Qg5 20. Nf3 Qe7 21.
O-O f6 22. exf6 Rxf6 23. Qd2 a6 24. Nc3 Bb7 25. Qe3 Raf8 26. Rce1 Bc6 27. Ne5
Nxe5 28. Qxe5 Qb4 29. Rxf6 Rxf6 30. Bg4 1-0

[Event "Bundesliga 0001"]
[Site "Deutschland"]
[Date "2001.02.18"]
[Round "9.7"]
[White "Neidhardt, Claus Ulrich"]
[Black "Poldauf, Dirk"]
[Result "1-0"]
[WhiteElo "2429"]
[BlackElo "2421"]
[PlyCount "85"]
[EventDate "2000.10.14"]
[EventType "team"]
[EventRounds "15"]
[EventCountry "GER"]
[SourceTitle "Bundesliga 0001"]
[Source "DeepChess"]
[SourceDate "2005.01.01"]
[SourceVersion "1"]
[SourceVersionDate "2005.01.01"]
[SourceQuality "1"]
[WhiteTeam "TSV Schott Mainz"]
[BlackTeam "SF Neukoelln 03 e.V."]
[WhiteTeamCountry "GER"]
[BlackTeamCountry "GER"]

1. d4 Nf6 2. c4 g6 3. Nc3 Bg7 4. e4 d6 5. h3 O-O 6. Bg5 h6 7. Be3 e5 8. d5 a5
9. Bd3 Na6 10. Qd2 h5 11. f3 c6 12. Nge2 Bd7 13. Nc1 Nc5 14. Be2 cxd5 15. cxd5
Ne8 16. Bb5 Bxb5 17. Nxb5 Qd7 18. Nc3 b5 19. Nd3 b4 20. Nd1 Qb5 21. Nxc5 dxc5
22. a4 bxa3 23. bxa3 Nd6 24. Nc3 Qb3 25. O-O Nc4 26. Qd3 Nb2 27. Rfb1 Nxd3 28.
Rxb3 c4 29. Rb7 Rfb8 30. Rab1 Rxb7 31. Rxb7 Bf8 32. Nb5 Rc8 33. d6 Rd8 34. Bb6
Rxd6 35. Nxd6 Bxd6 36. Bxa5 Bxa3 37. g3 Bc5+ 38. Kf1 f5 39. Rc7 fxe4 40. fxe4
g5 41. Bc3 h4 42. Kg2 hxg3 43. Kxg3 1-0

[Event "Bundesliga 0001"]
[Site "Deutschland"]
[Date "2001.02.18"]
[Round "9.8"]
[White "Thiede, Lars"]
[Black "Bewersdorff, Oliver"]
[Result "0-1"]
[WhiteElo "2421"]
[BlackElo "2364"]
[PlyCount "98"]
[EventDate "2000.10.14"]
[EventType "team"]
[EventRounds "15"]
[EventCountry "GER"]
[SourceTitle "Bundesliga 0001"]
[Source "DeepChess"]
[SourceDate "2005.01.01"]
[SourceVersion "1"]
[SourceVersionDate "2005.01.01"]
[SourceQuality "1"]
[WhiteTeam "SF Neukoelln 03 e.V."]
[BlackTeam "TSV Schott Mainz"]
[WhiteTeamCountry "GER"]
[BlackTeamCountry "GER"]

1. g3 Nf6 2. c4 g6 3. Bg2 Bg7 4. Nc3 O-O 5. d3 c5 6. a3 Nc6 7. Rb1 b6 8. b4
cxb4 9. axb4 Bb7 10. Nh3 Qc8 11. O-O Nd4 12. e4 e6 13. f4 d6 14. Be3 Nd7 15.
Kh1 a6 16. Qd2 Nb5 17. Na4 Nd4 18. Qf2 e5 19. Nc3 Nf6 20. Qd2 b5 21. fxe5 dxe5
22. c5 Ng4 23. Nd5 Qd8 24. Bxd4 exd4 25. Qe2 h5 26. Nhf4 Re8 27. Qa2 Ne5 28.
Nb6 Ra7 29. Nxg6 Nxg6 30. Rxf7 Kh8 31. Qe2 Re5 32. Rbf1 Ne7 33. Qf2 Rg5 34. h4
Rg6 35. Qf3 Bc6 36. Qxh5+ Rh6 37. Qg5 Rg6 38. Qh5+ Rh6 39. Qg5 Rg6 40. Qxg6
Nxg6 41. Rxa7 Be5 42. Rf5 Bb8 43. Rh5+ Kg8 44. Rg5 Qxg5 45. hxg5 Bxa7 46. Nd5
a5 47. bxa5 Bxc5 48. e5 Nxe5 49. a6 Bxd5 0-1

[Event "Bundesliga 0001"]
[Site "Deutschland"]
[Date "2001.02.18"]
[Round "9.1"]
[White "Lutz, Christopher"]
[Black "Van der Sterren, Paul"]
[Result "1/2-1/2"]
[WhiteElo "2595"]
[BlackElo "2569"]
[PlyCount "85"]
[EventDate "2000.10.14"]
[EventType "team"]
[EventRounds "15"]
[EventCountry "GER"]
[SourceTitle "Bundesliga 0001"]
[Source "DeepChess"]
[SourceDate "2005.01.01"]
[SourceVersion "1"]
[SourceVersionDate "2005.01.01"]
[SourceQuality "1"]
[WhiteTeam "SG Porz e.V."]
[BlackTeam "SV Castrop Rauxel 1923"]
[WhiteTeamCountry "GER"]
[BlackTeamCountry "GER"]

1. e4 e5 2. Nf3 Nc6 3. Bb5 a6 4. Ba4 Nf6 5. O-O Be7 6. Re1 b5 7. Bb3 d6 8. c3
O-O 9. h3 Nb8 10. d4 Nbd7 11. Nbd2 Bb7 12. Bc2 Re8 13. a4 c5 14. d5 c4 15. Nf1
Nc5 16. Ng3 g6 17. Be3 Nfd7 18. Qd2 Qc7 19. Nh2 h5 20. Rf1 bxa4 21. Qe2 h4 22.
Nh1 Nf6 23. Qf3 Bc8 24. Bxa4 Nxa4 25. Rxa4 Bd7 26. Ra2 Kg7 27. Rfa1 a5 28. Nf1
Nh7 29. Qe2 f5 30. f3 f4 31. Bd2 Nf6 32. Be1 Nh5 33. Nd2 Rec8 34. Bf2 Ng3 35.
Qe1 Rcb8 36. Kh2 a4 37. Bg1 Qc8 38. Nf2 Bd8 39. Nd1 Ra5 40. Bf2 Kf7 41. Bg1 Qa6
42. Bf2 Ke8 43. Bg1 1/2-1/2

[Event "Bundesliga 0001"]
[Site "Deutschland"]
[Date "2001.02.18"]
[Round "9.2"]
[White "Rozentalis, Eduardas"]
[Black "Khalifman, Alexander"]
[Result "1/2-1/2"]
[WhiteElo "2570"]
[BlackElo "2667"]
[PlyCount "52"]
[EventDate "2000.10.14"]
[EventType "team"]
[EventRounds "15"]
[EventCountry "GER"]
[SourceTitle "Bundesliga 0001"]
[Source "DeepChess"]
[SourceDate "2005.01.01"]
[SourceVersion "1"]
[SourceVersionDate "2005.01.01"]
[SourceQuality "1"]
[WhiteTeam "SV Castrop Rauxel 1923"]
[BlackTeam "SG Porz e.V."]
[WhiteTeamCountry "GER"]
[BlackTeamCountry "GER"]

1. e4 e6 2. d4 d5 3. Nd2 c5 4. Ngf3 cxd4 5. exd5 Qxd5 6. Bc4 Qd6 7. Qe2 Nf6 8.
Nb3 Nc6 9. Bg5 a6 10. O-O-O b5 11. Bd3 Be7 12. Kb1 e5 13. Rhe1 Bg4 14. Bxf6
Bxf6 15. Qe4 Bxf3 16. gxf3 Kf8 17. c3 g6 18. cxd4 Kg7 19. dxe5 Qxe5 20. Qxe5
Nxe5 21. Be4 Ra7 22. Na5 Nc4 23. Nxc4 bxc4 24. Re2 Rb8 25. Kc1 a5 26. Rd5 c3
1/2-1/2

[Event "Bundesliga 0001"]
[Site "Deutschland"]
[Date "2001.02.18"]
[Round "9.5"]
[White "Hansen, Curt"]
[Black "Seul, Georg"]
[Result "1/2-1/2"]
[WhiteElo "2613"]
[BlackElo "2447"]
[PlyCount "75"]
[EventDate "2000.10.14"]
[EventType "team"]
[EventRounds "15"]
[EventCountry "GER"]
[SourceTitle "Bundesliga 0001"]
[Source "DeepChess"]
[SourceDate "2005.01.01"]
[SourceVersion "1"]
[SourceVersionDate "2005.01.01"]
[SourceQuality "1"]
[WhiteTeam "SG Porz e.V."]
[BlackTeam "SV Castrop Rauxel 1923"]
[WhiteTeamCountry "GER"]
[BlackTeamCountry "GER"]

1. e4 d6 2. d4 g6 3. c4 Bg7 4. Nc3 e5 5. dxe5 dxe5 6. Qxd8+ Kxd8 7. f4 Be6 8.
Nf3 Nd7 9. Ng5 h6 10. Nxe6+ fxe6 11. g3 Ngf6 12. Be3 Ng4 13. Bd2 h5 14. Be2 Ke7
15. f5 c6 16. fxg6 Bh6 17. Rf1 Ngf6 18. O-O-O Rag8 19. b4 Rxg6 20. c5 h4 21.
gxh4 Bxd2+ 22. Rxd2 Rxh4 23. Bf3 Rgh6 24. Rff2 Rf4 25. Kb2 Rh3 26. Bd1 Rxc3 27.
Rxf4 exf4 28. Rxd7+ Nxd7 29. Kxc3 Kf6 30. Kd4 Ne5 31. a4 f3 32. Ke3 f2 33. Kxf2
Nd3+ 34. Ke3 Nxb4 35. Kd4 e5+ 36. Kc4 Na6 37. Bg4 b6 38. cxb6 1/2-1/2

[Event "Bundesliga 0001"]
[Site "Deutschland"]
[Date "2001.02.18"]
[Round "9.7"]
[White "Graf, Alexander"]
[Black "Bosch, Jeroen"]
[Result "1/2-1/2"]
[WhiteElo "2642"]
[BlackElo "2405"]
[PlyCount "93"]
[EventDate "2000.10.14"]
[EventType "team"]
[EventRounds "15"]
[EventCountry "GER"]
[SourceTitle "Bundesliga 0001"]
[Source "DeepChess"]
[SourceDate "2005.01.01"]
[SourceVersion "1"]
[SourceVersionDate "2005.01.01"]
[SourceQuality "1"]
[WhiteTeam "SG Porz e.V."]
[BlackTeam "SV Castrop Rauxel 1923"]
[WhiteTeamCountry "GER"]
[BlackTeamCountry "GER"]

1. d4 d5 2. c4 e6 3. Nc3 c5 4. cxd5 exd5 5. Nf3 Nc6 6. g3 Nf6 7. Bg2 Be7 8. O-O
O-O 9. Bg5 cxd4 10. Nxd4 h6 11. Be3 Re8 12. Rc1 Bg4 13. h3 Be6 14. Nxe6 fxe6
15. f4 Bb4 16. a3 Bxc3 17. Rxc3 Qe7 18. Rd3 Rad8 19. b4 e5 20. Bc5 Qe6 21. b5
e4 22. Rd2 b6 23. Be3 Na5 24. Bd4 Nc4 25. Rc2 Nxa3 26. Rc6 Rd6 27. Rxd6 Qxd6
28. Qa4 Rc8 29. Qxa7 Nxb5 30. Qxb6 Qxb6 31. Bxb6 Rc6 32. Bd8 Rc8 33. Ba5 Nd4
34. Re1 Rc2 35. Bf1 h5 36. Kf2 Nf5 37. Bd8 Kf7 38. Rd1 d4 39. Bxf6 Kxf6 40. g4
hxg4 41. hxg4 Ne3 42. Rxd4 Nxg4+ 43. Kg3 Ne3 44. Bh3 Rxe2 45. Rxe4 Nf1+ 46. Kf3
Nd2+ 47. Kxe2 1/2-1/2

[Event "Bundesliga 0001"]
[Site "Deutschland"]
[Date "2001.02.18"]
[Round "9.8"]
[White "Brendel, Oliver"]
[Black "Van den Doel, Erik"]
[Result "0-1"]
[WhiteElo "2394"]
[BlackElo "2547"]
[PlyCount "88"]
[EventDate "2000.10.14"]
[EventType "team"]
[EventRounds "15"]
[EventCountry "GER"]
[SourceTitle "Bundesliga 0001"]
[Source "DeepChess"]
[SourceDate "2005.01.01"]
[SourceVersion "1"]
[SourceVersionDate "2005.01.01"]
[SourceQuality "1"]
[WhiteTeam "SV Castrop Rauxel 1923"]
[BlackTeam "SG Porz e.V."]
[WhiteTeamCountry "GER"]
[BlackTeamCountry "GER"]

1. e4 e5 2. Nf3 Nc6 3. Bb5 a6 4. Ba4 Nf6 5. d4 exd4 6. O-O Be7 7. Re1 O-O 8. e5
Nd5 9. Nxd4 Nxd4 10. Qxd4 Nb6 11. Nc3 d5 12. exd6 Qxd6 13. Qxd6 Bxd6 14. Bb3
Bf5 15. Bg5 Rfe8 16. Bh4 Kf8 17. Bg3 Bxg3 18. hxg3 Rxe1+ 19. Rxe1 c6 20. Rd1 a5
21. a4 Re8 22. f3 h5 23. Kf2 Nd7 24. Ne4 Ne5 25. Nd6 Rd8 26. Ke2 Bd3+ 27. cxd3
Rxd6 28. d4 Nd7 29. Rd3 Nb6 30. Ke3 Ke7 31. Rc3 Nd5+ 32. Bxd5 Rxd5 33. Rb3 b5
34. Rc3 Kd6 35. b3 b4 36. Rc2 Rg5 37. Kf4 f6 38. Rc1 g6 39. Rc4 Kd5 40. Rc5+
Kxd4 41. Rc4+ Kd3 42. g4 h4 43. g3 h3 44. Rxc6 Rd5 0-1

[Event "Bundesliga 0001"]
[Site "Deutschland"]
[Date "2001.02.18"]
[Round "9.2"]
[White "Bischoff, Klaus"]
[Black "Slobodjan, Roman"]
[Result "1/2-1/2"]
[WhiteElo "2556"]
[BlackElo "2539"]
[PlyCount "39"]
[EventDate "2000.10.14"]
[EventType "team"]
[EventRounds "15"]
[EventCountry "GER"]
[SourceTitle "Bundesliga 0001"]
[Source "DeepChess"]
[SourceDate "2005.01.01"]
[SourceVersion "1"]
[SourceVersionDate "2005.01.01"]
[SourceQuality "1"]
[WhiteTeam "SK Koenig Plauen"]
[BlackTeam "USC Magdeburg"]
[WhiteTeamCountry "GER"]
[BlackTeamCountry "GER"]

1. c4 e5 2. g3 Nf6 3. Bg2 d5 4. cxd5 Nxd5 5. Nf3 Nc6 6. O-O Nb6 7. d3 Be7 8. a3
Be6 9. Nbd2 a5 10. b3 f6 11. Bb2 O-O 12. Qc2 Bd5 13. Bh3 Bf7 14. Rfc1 Re8 15.
Bf5 g6 16. Bh3 Bf8 17. e3 Qe7 18. Re1 Rad8 19. Rac1 Bd5 20. Bf1 1/2-1/2